000 00595nam a22002297a 4500
003 UA-OsUOA
001 80930
007 ta
008 20111228b un ||||| |||| 00| 0 ukr d
100 _aБілик О.
700 _aГудімова Н.
090 _a02
_bБ67
942 _cSA
040 _aUA-OsUOA
_bukr
_cUA-OsUOA
_dUA-OsUOA
245 _aРоздуми щодо оцінювання якості роботи бібліотеки
300 _aС.28-32
955 _a0
041 _aukr
080 _a02
773 0 _w80927
650 7 _a02 Бібліотечна справа
_2UDC
999 _c367236
_d367236